TEFHİMU L KUR AN -7 (Record no. 804043)

MARC details
000 -LEADER
sabit uzunluktaki kontrol alanı 00238nam a2200097Ia 4500
001 - KONTROL NUMARASI
kontrol alanı 804043
005 - EN SON İŞLEMİN TARİH VE ZAMANI
kontrol alanı 20250826171126.0
008 - SABİT-UZUNLUKTA VERİ ÖĞELERİ--GENEL BİLGİ
sabit uzunluktaki kontrol alanı 250824s9999 xx 000 0 und d
245 #0 - ESER / YAZAR
ESER ADI TEFHİMU L KUR AN -7
Yazar Adı MEVDUDİ
260 ## - YAYIN, DAĞITIM, VB.
YAYIN EVİ İNSAN YAYINLARI
Holdings
Düşüm durumu Kayıp durumu Hasar Durumu Ödünç verilmez Ana kütüphane Geçerli Kütüphane Edinilen tarih Toplam ödünç verme sayısı Barkod Son görüntüleme tarihi Fiyatın geçerli olmaya başladığı tarih Koha materyal türü
        SANCAK ORTAOKULU SANCAK ORTAOKULU 24.08.2025   10344169 26.08.2025 26.08.2025 Books